Practical SQL Queries for Microsoft SQL Server 2008 R2 /

Obra que explica técnicas para extraer información significativa de grandes cantidades de datos a través de consultas SQL; en cada caso se describe cómo se aplica, cuál es la sintaxis y cómo se interpretan los resultados.

Salvato in:
Dettagli Bibliografici
Autore principale: Tennick, Art (autor)
Natura: Libro
Lingua:inglese
Pubblicazione: Nueva York, EUA : McGraw-Hill, 2011, c2011
Soggetti:
Tags: Aggiungi Tag
Nessun Tag, puoi essere il primo ad aggiungerne!!

MARC

LEADER 00000nam^a2200000^a^4500
001 000316505
005 20250521000000.0
009 20260310113315.188
020 |a 978-0-07-174687-8 
037 |a Acervo ITESO - Biblioteca 
041 |a ING 
082 |a 005. 7565  |b TEN 
100 |a Tennick, Art  |e (autor) 
245 1 0 |a Practical SQL Queries for Microsoft SQL Server 2008 R2 /  |c A. Tennick. 
264 4 |a Nueva York, EUA :  |b McGraw-Hill,  |c 2011, c2011 
300 |a XXX, 304 p. 
336 |a texto  |b txt  |2 rdacontenido 
337 |a sin mediación  |b n  |2 rdamedio 
338 |a volumen  |b nc  |2 rdasoporte 
520 |a Obra que explica técnicas para extraer información significativa de grandes cantidades de datos a través de consultas SQL; en cada caso se describe cómo se aplica, cuál es la sintaxis y cómo se interpretan los resultados. 
649 |a XX 
650 |a Información -  |x Administración 
650 |a Inteligencia de Negocios 
650 |a Análisis de Datos -  |x Tema Principal 
650 |a Toma de Decisiones -  |x Análisis de Información 
650 |a Proceso de Datos 
650 |a Bases de Datos Relacionales -  |x Tema Principal 
650 |a Bases de Datos -  |x Diseño y Construcción 
650 |a Lenguajes de Programación 
650 |a Programación (Software) 
650 |a Desarrollo de Sistemas 
650 |a Sistemas de Información 
650 |a Ingeniería Computacional 
910 |a Fondo General 
920 |a Impresos - Libros 
930 |a Colección General 
905 |a 101 
901 |a 0500203183  |b IT1  |c ACC  |i C129944  |u 20250521 
902 |a https://opac.biblio.iteso.mx/vufind/Record/000316505